000 01592nam a2200301 a 4500
001 BRCA_3345
005 20190320204233.0
008 250309s1885----enk#---###---#000-0#eng-#
041 _aeng
044 _aenk
084 _a639
_b.S65
_c1885
100 1 _aCervantes Saavedra, Miguel de
_d1547-1616
_9213
245 1 0 _aThe Ingenious Gentleman Don Quixote of la Mancha
_cBy Miguel de Cervantes Saavedra; A Translation with Introduction and Notes by John Ormsby.
260 _aNueva York : Londres
_bElder Smith and Co. : Macmillan and Co.
_c1885
300 _a4 v.
_c23 cm.
500 _aContenido : v.1. Primera parte. Mapa del centro de España. Noticia biográfica sobre Cervantes e introducción del Quijote por J. Ormsby. Prólogo del autor. Notas. -- v.2. Primera parte. Texto. Notas. -- v.3. Segunda parte. Prólogo del autor. Notas. -- v.4. Segunda parte. Texto. Apéndices: I. Refranes del Quijote II. Libros de caballería españoles III. Bibliografía de las ediciones del Quijote
500 _aEjemplar igual al anterior [638]. Semipiel; lomos y planos adornados con filetes dorados; cortes dorados también Lúdovik Osterc
500 _aQM485A
546 _aTexto en : inglés
650 1 4 _aNovela española
_yÉpoca clásica, 1500-1700
_9215
650 1 4 _aLiteratura española
_yÉpoca clásica, 1500-1700
_9216
650 1 4 _aNovela española
_ySiglo XVII
_9217
650 1 4 _aDon Quijote (Personaje ficticio)
_eNovela
_9218
700 1 _aOrmsby, John
_d1829-1895
_eEditor
_98832
740 0 _aEl Ingenioso Hidalgo Don Quijote de la Mancha
902 _aQFM
942 _2lcc
_cB
999 _c3081
_d3081